| 000 -LEADER |
| fixed length control field |
00648cam a2200205 a 4500 |
| 001 - CONTROL NUMBER |
| control field |
14757834 |
| 005 - DATE AND TIME OF LATEST TRANSACTION |
| control field |
20221118121702.0 |
| 008 - FIXED-LENGTH DATA ELEMENTS--GENERAL INFORMATION |
| fixed length control field |
070305s2014 njuab b 001 0 eng |
| 020 ## - INTERNATIONAL STANDARD BOOK NUMBER |
| International Standard Book Number |
9780132221382x |
| 041 ## - LANGUAGE CODE |
| Language code of text/sound track or separate title |
enk |
| 080 ## - UNIVERSAL DECIMAL CLASSIFICATION NUMBER |
| Universal Decimal Classification number |
624.1 L-82 |
| 100 1# - MAIN ENTRY--PERSONAL NAME |
| Personal name |
Liu, Cheng |
| Dates associated with a name |
1937- |
| 9 (RLIN) |
8437 |
| 245 10 - TITLE STATEMENT |
| Title |
Soils and foundations / |
| Statement of responsibility, etc. |
Cheng Liu, Jack B. Evett. |
| 250 ## - EDITION STATEMENT |
| Edition statement |
Eight edition |
| 264 ## - PRODUCTION, PUBLICATION, DISTRIBUTION, MANUFACTURE, AND COPYRIGHT NOTICE |
| Place of production, publication, distribution, manufacture |
Upper Saddle River, N.J. : |
| Name of producer, publisher, distributor, manufacturer |
Pearson/Prentice Hall, |
| Date of production, publication, distribution, manufacture, or copyright notice |
2014. |
| 300 ## - PHYSICAL DESCRIPTION |
| Extent |
270 p. : |
| Other physical details |
ill., map ; |
| Dimensions |
28 cm. |
| 653 ## - INDEX TERM--UNCONTROLLED |
| keyword |
ნიადაგის მექანიკა |
| 700 1# - ADDED ENTRY--PERSONAL NAME |
| Personal name |
Evett, Jack B., |
| Dates associated with a name |
1942- |
| Relator term |
ავტორი |
| 9 (RLIN) |
8440 |
| 942 ## - ADDED ENTRY ELEMENTS (KOHA) |
| Source of classification or shelving scheme |
|
| Koha item type |
წიგნი |